La explosión demográfica: ¿cuántos son demasiados?

Na minha lista:
Detalhes bibliográficos
Autor principal: Viel, Benjamín (Author)
Formato: Livro
Idioma:espanhol
Publicado em: Ciudad de México Pax-México 1973
Edição:3a. ed
Assuntos:
Tags: Adicionar Tag
Sem tags, seja o primeiro a adicionar uma tag!

MARC

LEADER 00000nam a2200000 a 4500
001 UCQ0837
003 CL-VaPUC
008 980703e19730000MX |||||||||||||||||spa|d
082 0 4 |a 363.91  |b VIE  |2 21 
100 0 |a Viel, Benjamín  |e author  |9 414177 
245 1 3 |a La explosión demográfica: ¿cuántos son demasiados? 
250 |a 3a. ed 
300 |a 328 p 
942 |c BK 
945 |d 19980703 00:00:00  |a crobeson 
260 |a Ciudad de México  |b Pax-México  |c 1973 
650 7 |a CRECIMIENTO DEMOGRAFICO  |2 CL-VaPUC  |9 338225 
650 7 |a SOBREPOBLACION  |2 CL-VaPUC  |9 414178 
650 0 |a Población  |9 257577 
650 0 |a Demografía   |9 260008 
650 7 |a POBLACION MUNDIAL  |2 CL-VaPUC  |9 334656 
650 0 |a Acontecimientos demográficos  |9 343208 
650 7 |a DISTRIBUCION DE LA POBLACION  |2 CL-VaPUC  |9 337513 
650 7 |a INVESTIGACION DEMOGRAFICA  |2 CL-VaPUC  |9 336843 
650 7 |a PROBLEMAS DEMOGRAFICOS  |2 CL-VaPUC  |9 338258 
650 7 |a PROYECCION DEMOGRAFICA  |2 CL-VaPUC  |9 343209 
583 |a last modification  |c 19980703 00:00:00  |k Rodrigo Vera 
999 |c 271865  |d 271863 
952 |0 0  |1 0  |4 0  |6 363_910000000000000_VIE_1973  |7 0  |8 A  |9 306646  |a BIBENE  |b BIBENE  |d 2019-11-20  |i 1427814  |o 363.91 VIE 1973  |p 1427814  |r 2025-01-15  |w 2019-11-20  |y BK  |k ICO